MAASAI MARA UNIVERSITY

LIBRARY CATALOGUE

Contact Us: +254 020 2685356/7 or 0774 057787

Box: 861-20500, NAROK, KENYA

Email: info@mmarau.ac.ke

_social problems a critical approach (Record no. 5360)

MARC details
000 -LEADER
fixed length control field 00471nam a2200169Ia 4500
008 - FIXED-LENGTH DATA ELEMENTS--GENERAL INFORMATION
fixed length control field 151021s9999 xx 000 0 und d
020 ## - INTERNATIONAL STANDARD BOOK NUMBER
International Standard Book Number 9.7800729804e+011
050 ## - LIBRARY OF CONGRESS CALL NUMBER
Classification number HN 18.N47 2007
245 ## - TITLE STATEMENT
Title _social problems a critical approach
250 ## - EDITION STATEMENT
Edition statement 5th ed.
260 ## - PUBLICATION, DISTRIBUTION, ETC. (IMPRINT)
Place of publication, distribution, etc. U S A Mcgraw hill 2007
300 ## - PHYSICAL DESCRIPTION
Extent xv,686p.ill 22cm
500 ## - GENERAL NOTE
General note includes index
650 ## - SUBJECT ADDED ENTRY--TOPICAL TERM
Topical term or geographic name as entry element _social problems
700 ## - ADDED ENTRY--PERSONAL NAME
Personal name _Mary Alice Neubeck
980 ## - EQUIVALENCE OR CROSS-REFERENCE-SERIES STATEMENT--PERSONAL NAME/TITLE [LOCAL, CANADA]
Personal name ^d20101209 03:33:49^okorir

No items available.

© 2016 Maasai Mara University.